| 000 | 00931nam a2200241Ia 4500 | ||
|---|---|---|---|
| 003 | OSt | ||
| 005 | 20221002045944.0 | ||
| 006 | a|||||r|||| 00| 0 | ||
| 007 | ta | ||
| 008 | 220930b |||||||| |||| 00| 0 hin d | ||
| 020 |
_a978817975264X (hbk (Set)) _c1600 |
||
| 024 | _a101935 | ||
| 037 |
_b416, 23/03/2010, Swaraj Prakashan _cReference Collections |
||
| 040 |
_aCRL _cCRL _bhin |
||
| 041 |
_2hin _ahin |
||
| 082 | _aO152,6M65x, P9.1-.2(RR) | ||
| 100 | _aशिशिर, कर्मेन्दु, संपा. | ||
| 245 | 0 | _aराधामोहन गोकुल समग्र | |
| 260 |
_aनई _bदिल्ली अनामिका पब्लिशर्स _c2009 |
||
| 490 | _vभाग 1 | ||
| 942 |
_hO152,6M65x, P9.1-.2(RR) _cref _2CC |
||
| 999 |
_c913495 _d913495 |
||